000 01251nam a2200241Ia 4500
003 Ost
005 20260507074852.0
008 260507s9999||||xx |||||||||||||| ||und||
020 _a9774380231
040 _cfsecg
041 _aara
082 _a332
100 _aالحناوي، محمد صالح
_eمؤلف
245 0 _aتقييم الأسهم و السندات :
_bمدخل الهندسة المالية /
_c محمد صالح الحناوي
260 _aالاسكندرية:
_bالمكتب الجامعي الحديث,
_c2007
300 _a436 صفحة؛
_bإيضاحات ؛
_c24 سم
504 _aمراجع ص.429
520 _aمقدمة في أساسيات الاستثمار و شراء و بيع الاوراق المالية و تقييم الأسهم العادية و التحليل الفني و تحليل السندات و نموذج تسعير الأصول الرأسمالية و إدارة محافظ الأوراق المالية و حقوق الاختيار و عقود المبادلة و العقود المستقبلية و الاستثمار عبر الانترنت.
653 _aالأسهم
653 _aالسندات
700 _aنهال، فريد مصطفى
_eمؤلف ثانوي
942 _cكتاب
999 _c41579
_d41579